000 00324nam a22001337a 4500
008 181029b xxu||||| |||| 00| 0 eng d
020 _a2740272854540
041 _aeng
080 _a370
100 _a48
101 _aEDU
245 _aCross Roads Greative Writing Exercies In Four Games
_cThiel.D
942 _2udc
_cBK
999 _c50977
_d50977